000 00784pam a2200277 i 4500
001 3467
005 20240307144843.0
020 _a0590312073
040 _aDLC
_cDLC
_dDLC
_beng
050 0 0 _aPZ7.L7795
082 0 0 _a823.9
100 1 _aLobel, Arnold
245 1 0 _aFrog and toad all year /
_cby Arnold Lobel
260 _aNew York :
_bScholastic ,
_c1976
300 _a64 pages :
_bcolor illustrations ;
_c22 cm.
490 0 _aAn I can read book
505 _aJ
520 _aTwo friends share experiences in each season of the year.
521 _a480
_bLexile
521 _aJ
_bRaz-Plus
650 1 _aFriendship
_xFiction
650 1 _aFrogs
_xFiction
650 1 _aToads
_xFiction
906 _a7
_bcbc
_corignew
_d1
_eocip
_f19
_gy-gencatlg
942 _2ddc
_cBK
_n0
999 _c3467
_d3467